000 00238nam a2200109Ia 4500
008 221030s9999 xx 000 0 und d
245 0 _aDigitalisation
260 _bHDFC
_aJammu
_c2016
300 _a34
650 _aManagement
942 _cTH
999 _c17827
_d17827